Účtovníctvo a audítorstvo v procese svetovej harmonizácie zborník z medzinárodnej vedeckej konferencie : Čertov, 5.-7. septembra 2011

Guardado en:
Detalles Bibliográficos
Autores Corporativos: Účtovníctvo a audítorstvo v procese svetovej harmonizácie. Medzinárodná vedecká konferencia, Ekonomická univerzita v Bratislave, Vysoká škola ekonomická v Praze
Otros Autores: Vašeková, Miroslava, 1978-, Hora, Michal, Kovanicová, Dana, Janhuba, Miloslav, Králiček, Vladimír, Soukupová, Božena, Tumpach, Miloš, 1970-
Formato: Libro
Lenguaje:eslovaco
checo
Publicado: Bratislava [Vydavateľstvo EKONÓM] 2011
Materias:
Etiquetas: Agregar Etiqueta
Sin Etiquetas, Sea el primero en etiquetar este registro!

MARC

LEADER 00000nam$a2200000$$$4500
001 0144061
005 20240502072600.2
020 |a 978-80-225-3288-4 
041 0 |a slo 
041 0 |a cze 
044 |a SK 
245 1 0 |a Účtovníctvo a audítorstvo v procese svetovej harmonizácie  |b zborník z medzinárodnej vedeckej konferencie : Čertov, 5.-7. septembra 2011  |c editori: Miroslava Vašeková, Michal Hora 
264 1 |a Bratislava  |b [Vydavateľstvo EKONÓM]  |c 2011 
300 |a 198 s. 
610 2 0 |a účtovníctvo 
610 2 0 |a audítorstvo 
610 2 0 |a harmonizácia 
610 2 0 |a štandardy účtovné medzinárodné 
610 2 0 |a štandardy audítorské medzinárodné 
610 2 0 |a Slovensko 
610 2 0 |a audit 
700 1 |a Vašeková, Miroslava, 1978- 
700 1 |a Hora, Michal 
700 1 |a Kovanicová, Dana 
700 1 |a Janhuba, Miloslav 
700 1 |a Králiček, Vladimír 
700 1 |a Soukupová, Božena 
700 1 |a Tumpach, Miloš, 1970- 
110 2 |a Účtovníctvo a audítorstvo v procese svetovej harmonizácie. Medzinárodná vedecká konferencia 
710 2 |a Ekonomická univerzita v Bratislave 
710 2 |a Vysoká škola ekonomická v Praze